| 000 | 00498nam a22001457a 4500 | ||
|---|---|---|---|
| 020 | _a9789694031729 | ||
| 082 |
_a891.43909 _bNUZ |
||
| 245 |
_aUrdu Ke Afsanvi Adab Mai Nasai Lab o Lehja / _cBy: Dr.Nuzhat Abbasi |
||
| 260 |
_aکراچی: _bانجمنِ اردو ترقی, _c2013 |
||
| 300 | _a672P.; | ||
| 563 | _aHardcover | ||
| 880 |
_6100-01\r _aڈاکٹر نُزہت عباسی |
||
| 880 |
_6245-02\r _aاردو کے افسانوی ادب میں نسائی لب و لہجہ |
||
| 942 |
_2ddc _cBK |
||
| 999 |
_c613039 _d613039 |
||